Normal view
MARC view
Entry Topical Term
001 - CONTROL NUMBER
- control field: 28252
003 - CONTROL NUMBER IDENTIFIER
- control field: OSt
005 - DATE AND TIME OF LATEST TRANSACTION
- control field: 20230721140741.0
008 - FIXED-LENGTH DATA ELEMENTS
- fixed length control field: 230721|| aca||aabn | a|a d
040 ## - CATALOGING SOURCE
- Original cataloging agency: OSt
- Transcribing agency: OSt
150 ## - HEADING--TOPICAL TERM
- Topical term or geographic name entry element: ပအိုဝ်းတိုင်းရင်းသား
- General subdivision: ယဉ်ကျေးမှုနှင့် ဓလေ့ထုံးစံ။
670 ## - SOURCE DATA FOUND
- Source citation: Work cat.: (OSt): ခွန်နွယ်၊ မောင်၊ (အင်းလေး)။ 28251, ပအိုဝ်း /, ၁၉၉၂။